Normal view MARC view
  • ABC’s of synchros and servos; [complete coverage of how servomechanisms operate, and how they are used in automatic control systems

Entry Topical Term

Number of records used in: 1

001 - CONTROL NUMBER

  • control field: 111734

003 - CONTROL NUMBER IDENTIFIER

  • control field: NUST

005 - DATE AND TIME OF LATEST TRANSACTION

  • control field: 20230404154114.0

008 - FIXED-LENGTH DATA ELEMENTS

  • fixed length control field: 230404|| aca||aabn | a|a d

040 ## - CATALOGING SOURCE

  • Original cataloging agency: NUST
  • Transcribing agency: NUST

150 ## - HEADING--TOPICAL TERM

  • Topical term or geographic name entry element: ABC’s of synchros and servos; [complete coverage of how servomechanisms operate, and how they are used in automatic control systems

670 ## - SOURCE DATA FOUND

  • Source citation: Work cat.: (NUST)183967: Andrews, Alan, ABC’s of synchro's and servos /, 1962
© 2023 Central Library, National University of Sciences and Technology. All Rights Reserved.